| 000 | 00791nam a2200241Ia 4500 | ||
|---|---|---|---|
| 003 | IN-BaIIA | ||
| 008 | 211028s9999 xx 000 0 eng d | ||
| 040 | _cIIA Library | ||
| 080 |
_a083.8:52-76 _bGEZ |
||
| 100 |
_aGezari, Daniel Y. _915296 |
||
| 245 | 0 |
_aCatalog of infrared observations _cDaniel Y. Gezariā¦[et al.] |
|
| 250 | _a3rd ed. | ||
| 260 |
_aWashington _bNational Aeronautics and Space Administration |
||
| 300 | _a[various pagings.] | ||
| 490 | _aNASA reference publication; 1294 | ||
| 650 | _aAstronomy and Astrophysics Thesaurus | ||
| 650 |
_aInfrared _917232 |
||
| 650 |
_aObservations _9977 |
||
| 700 |
_aMead, Jaylee M. _915297 |
||
| 700 |
_aPitts, Patricia S. _918795 |
||
| 700 |
_aSchmitz, Marion _915295 |
||
| 942 | _cBK | ||
| 999 |
_c11019 _d11019 |
||